000 00508nam a2200181Ia 4500
005 20250326143738.0
008 250326s9999 xx 000 0 und d
037 _aTextbook
040 _aFMSL
_beng
_cFMSL
041 _aeng
_2eng
084 _aX:74.4 P4
_qFMSL
100 _aBackman M
_9735504
245 0 _aAsian insider : unconventional wisdon for Asian business
_cBackman M
260 _aNY
_bNY, Palgrave
_c2004
300 _a294p
942 _cTB
_hX:74.4 P4
999 _c1300843
_d1300843